| 000 | 01963nam a2200445 i 4500 | ||
|---|---|---|---|
| 001 | 000043538 | ||
| 003 | DO-SdBNP | ||
| 005 | 20260428073714.0 | ||
| 007 | ta | ||
| 008 | 140324s2009 dr r 000 0 spa d | ||
| 020 | _a9789945412345 | ||
| 040 |
_aDO-SdBNP _bspa _cBNPHU _erda |
||
| 041 | _aspa | ||
| 082 | 4 |
_aRD861.44 _bP925p 2009 _222 |
|
| 111 | 2 |
_aPremios Funglode de Poesía Pedro Mir _d(2008 _cSanto Domingo ) _971318 |
|
| 245 | 1 | 0 |
_aPremio de poesía Pedro Mir / _ccoordinador, Elaine Hernández ; corrección, Clara Dobarro. |
| 264 | 4 |
_aSanto Domingo : _bEditora FUNGLODE, _c©2009. |
|
| 300 |
_a351 páginas ; _c26 cm. |
||
| 336 |
_atexto _btxt _2rdacontent |
||
| 337 |
_asin mediación _bn _2rdamedia |
||
| 338 |
_avolumen _bnc _2rdacarrier |
||
| 490 | 1 |
_aPremios Funglode/GFDD 2008 _apoesía _v5 |
|
| 505 | 0 |
_aPremio único / _tBismar Galán-- _tPrimera mención _rCésar Sánchez Beras-- _tEn la piel de la mirada -- _tCuerpo de goce-- _tSegunda mención-- _tLos oscuros ritos del verano-- _tCuerpo de goce/ _tTercera mención--/ _tSueños errante / _tCuarta mención-- _tCatorce días y otros poemas / _tQuinta mención-- _tLa luz equiva. |
|
| 586 | _aPremios Funglode 2008. | ||
| 590 | _aInventariado, 2025/BT | ||
| 650 | 4 |
_aPoesía dominicana _966 |
|
| 650 | 4 |
_aLiteratura dominicana. _967 |
|
| 650 | 4 |
_aCertámenes literarios _91541 |
|
| 650 | 0 |
_aPremios literarios _91542 |
|
| 700 | 1 | 2 |
_aGalán, Bismar _tEn la piel de la mirada _971319 |
| 700 | 1 | 2 |
_aSánchez Beras, César _tCuerpo de goce _971320 |
| 700 | 1 | 2 |
_aEspinal Rivera, Daniel Baruc _tLos oscuros ritos _971321 |
| 700 | 1 | 2 |
_aCruz, Daniel _tSueños errante _971322 |
| 700 | 1 | 2 |
_aRodríguez, Danilo A. _tCatorce días y otros poemas _971323 |
| 700 | 1 | 2 |
_aGonzález, Alejandro _tLa luz equiva _971324 |
| 710 | 2 |
_aFundación Global Democracía y Desarrollo _925477 |
|
| 830 | 0 |
_aPremios Funglode/GFDD 2008 poesía _n5 _971325 |
|
| 910 | _aValidado. Control de calidad. MFF | ||
| 942 |
_2ddc _cLBS1 |
||
| 999 |
_c43027 _d43027 |
||